Statistics for Countries with their language

Click here to take the quiz!

General Stats

  • This quiz has been taken 23 times
  • The average score is 14 of 15

Answer Stats

HintAnswer% Correct
SwedenSwedish
100%
Brazil
Portuguese
100%
Fiji | IndiaHindi
95%
Cuba | PeruSpanish
95%
RussiaRussian
95%
Korea(North Korea and South KoreaKorean
95%
Botswana | United StatesEnglish
95%
FinlandFinnish
95%
IrelandIrish
91%
BangladeshBengali
86%
Kenya | UgandaSwahili
77%

Score Distribution

Percentile by Number Answered

Percent of People with Each Score

Your Score History

You have not taken this quiz